Villes et pays °3 - Statistiques

Statistiques générales
  • Ce quiz a été pris 72 fois
  • Le résultat moyen est 9 sur 15
Statistiques - réponses
Villes Pays % Correct
Volvograd Russie
95%
PHONM PENH Cambodge
86%
Honolulu États-Unis
83%
Izmir Turquie
83%
Cancùn Mexique
80%
LUANDA Angola
71%
Anchorage États-Unis
68%
Darwin Australie
64%
Cuzco Pérou
58%
Surabaya Indonesie
49%
Hamilton Canada
46%
Concord États-Unis
46%
FUNAFUTI Tuvalu
46%
Cayo Coco Cuba
15%
Alta Norvège
10%
Aucun quiz correspondant
Distribution des résultats
% des personnes avec chaque résultat
Percentile par nombre de réponses
Votre historique - résultats
Vous n’avez pas pris ce quiz